000 01403cam a22003011i 4500
003 SA-RiAUC
005 20240919123545.0
008 240917s1982 su a g b 001r0 ara c
040 _aSA-RiAUC
_bara
_cSA-RiAUC
_erda
043 _aa-su---
082 0 4 _a370.9531
_qSA-RiAUC
090 _a370.9531 ش ا م
_b ش ا م
100 1 _aالشامخ، محمد عبد الرحمن،
_d1351 هجري-
_eمؤلف.
245 1 2 _aالتعليم في مكة والمدينة آخر العهد العثماني /
_cتأليف محمد عبد الرحمن الشامخ.
250 _aالطبعة الثانية.
264 1 _aالرياض :
_bدار العلوم،
_c1982
300 _a183 صفحة :
_bإيضاحيات ؛
_c24 سم
336 _aنص
_btxt
_2rdacontent
_3كتاب
337 _aبدون وسيط
_bn
_2rdamedia
338 _aمجلد
_bnc
_2rdacarrier
500 _aكشافات : صفحة 173-180.
504 _aببليوجرافية : صفحة 165-169.
650 7 _aالتعليم
_zالسعودية
_xتاريخ
_yالحكم العثماني، 922-1214 هجري
_2aucsh
650 7 _aالتعليم
_zمكة المكرمة
_xتاريخ
_yالحكم العثماني، 922-1214 هجري
_2aucsh
650 7 _aالتعليم
_zالمدينة المنورة
_xتاريخ
_yالحكم العثماني، 922-1214 هجري
_2aucsh
942 _2ddc
_cBOOK
949 _aSA-JeALM
_d240917
_umohamedma123
_n1
999 _c396
_d396